Topologische lineare Räume 1 / (Record no. 51596)
[ view plain ]
| 000 -LEADER | |
|---|---|
| fixed length control field | 00750nam a22002295u 4500 |
| 001 - CONTROL NUMBER | |
| control field | 51596 |
| 003 - CONTROL NUMBER IDENTIFIER | |
| rucl marc code | BD-RJUL |
| 005 - DATE AND TIME OF LATEST TRANSACTION | |
| control field | 20211209075702.0 |
| 008 - FIXED-LENGTH DATA ELEMENTS--GENERAL INFORMATION | |
| fixed length control field | 160831s1960 gw 000 0 ger d |
| 035 ## - SYSTEM CONTROL NUMBER | |
| System control number | (BD-RjUL)51716 |
| 040 ## - CATALOGING SOURCE | |
| Original cataloging agency | UkOxU |
| Language of cataloging | eng |
| Transcribing agency | UkOxU |
| 041 ## - LANGUAGE CODE | |
| Language code of text/sound track or separate title | eng |
| 082 ## - DEWEY DECIMAL CLASSIFICATION NUMBER | |
| Edition number | 23 |
| Classification number | 510 |
| Author mark and year | KOT 1960 |
| 100 1# - MAIN ENTRY--PERSONAL NAME | |
| Personal name | Köthe, Gottfried, |
| Dates associated with a name | 1905- |
| 9 (RLIN) | 154229 |
| 245 10 - TITLE STATEMENT | |
| Title | Topologische lineare Räume 1 / |
| Statement of responsibility, etc. | Gottfried Köthe |
| 260 ## - PUBLICATION, DISTRIBUTION, ETC. (IMPRINT) | |
| Place of publication, distribution, etc. | Berlin : |
| -- | Göttingen : |
| -- | Heidelberg : |
| Name of publisher, distributor, etc. | Springer-Verlag, |
| Date of publication, distribution, etc. | 1960. |
| 300 ## - PHYSICAL DESCRIPTION | |
| Pagination | xii, 456 p. ; |
| Size | 23 cm. |
| 490 1# - SERIES STATEMENT | |
| Series statement | Grundlehren der mathematischen Wissenschaften. |
| Volume/sequential designation | 107 |
| 650 ## - SUBJECT ADDED ENTRY--TOPICAL TERM | |
| Topical term or geographic name as entry element | Linear topological spaces. |
| 9 (RLIN) | 151067 |
| 830 #0 - SERIES ADDED ENTRY--UNIFORM TITLE | |
| Uniform title | Grundlehren der mathematischen Wissenschaften. |
| Volume number/sequential designation | 107 |
| 942 ## - ADDED ENTRY ELEMENTS (KOHA) | |
| Source of classification or shelving scheme | Dewey Decimal Classification |
| Koha item type | Books |
| Lost status | Source of classification or shelving scheme | Damaged status | Not for loan | Collection code | Permanent Location | Current Location | Shelving location | Date acquired | Source of acquisition | Cost, normal purchase price | Total Checkouts | Full call number | Date last seen | Copy number | Koha item type |
|---|---|---|---|---|---|---|---|---|---|---|---|---|---|---|---|
| Dewey Decimal Classification | Non-fiction | Central Library, University of Rajshahi | Central Library, University of Rajshahi | 03/01/1963 | Zeetlinger | 142.00 | 510 KOT 1960 | 31/08/2016 | C-2 | Books | |||||
| Dewey Decimal Classification | Non-fiction | Central Library, University of Rajshahi | Central Library, University of Rajshahi | 03/01/1963 | Zeetlinger | 142.00 | 510 KOT 1960 | 31/08/2016 | C-3 | Books |